Central Library OPAC University of Rajshahi

Canterbury tales / (Record no. 20579)

MARC details
000 -LEADER
fixed length control field 00813nam a22002532a 4500
001 - CONTROL NUMBER
control field 20579
003 - CONTROL NUMBER IDENTIFIER
rucl marc code BD-RjUL
005 - DATE AND TIME OF LATEST TRANSACTION
control field 20211209000602.0
008 - FIXED-LENGTH DATA ELEMENTS--GENERAL INFORMATION
fixed length control field 140301s1948 nyu 000 1 eng d
035 ## - SYSTEM CONTROL NUMBER
System control number (BD-RjUL)20641
-- OCLC ocm03100616 from D950807M
040 ## - CATALOGING SOURCE
Original cataloging agency DLC
Transcribing agency GAT
Modifying agency EQO
-- BD-RjUL
Language of cataloging eng
041 ## - LANGUAGE CODE
Language code of text/sound track or separate title eng
082 04 - DEWEY DECIMAL CLASSIFICATION NUMBER
Classification number 821.1
Author mark and year CHC 1948
100 1# - MAIN ENTRY--PERSONAL NAME
Personal name Chaucer, Geoffrey,
Dates associated with a name -1400.
9 (RLIN) 63504
245 10 - TITLE STATEMENT
Title Canterbury tales /
Statement of responsibility, etc. Geoffrey Chaucer; Selected and ed. by Robert D. French.
260 ## - PUBLICATION, DISTRIBUTION, ETC. (IMPRINT)
Place of publication, distribution, etc. New York :
Name of publisher, distributor, etc. Appleton-Century-Crofts,
Date of publication, distribution, etc. 1948.
300 ## - PHYSICAL DESCRIPTION
Pagination viii, 120 p. :
Size 18 cm.
504 ## - BIBLIOGRAPHY, ETC. NOTE
Bibliography, etc Bibliography: p. iii
650 #0 - SUBJECT ADDED ENTRY--TOPICAL TERM
Topical term or geographic name as entry element Canterbury (England)
Form subdivision Poetry.
9 (RLIN) 63505
700 1# - ADDED ENTRY--PERSONAL NAME
Personal name French, Robert Dudley,
Dates associated with a name 1888-1954
830 #0 - SERIES ADDED ENTRY--UNIFORM TITLE
Uniform title Crofts classics
942 ## - ADDED ENTRY ELEMENTS (KOHA)
Source of classification or shelving scheme Dewey Decimal Classification
Koha item type Books
Holdings
Lost status Source of classification or shelving scheme Damaged status Not for loan Collection code Permanent Location Current Location Shelving location Date acquired Source of acquisition Total Checkouts Full call number Date last seen Copy number Koha item type
  Dewey Decimal Classification   Added to bundle Fiction Central Library, University of Rajshahi Central Library, University of Rajshahi Reading Room 21/07/1987 Asia foundation   821.1 CHC 1948 01/03/2014 C-1 Books